000 00556nam a2200181 i 4500
001 120335
003 ES-MaACL
005 20240426104415.0
007 t|
008 070214s1976 sp r ||||1| spa d
245 0 0 _aPoesía portuguesa actual
_b: edición bilingüe /
_cPilar Vázquez Cuesta.
260 _aMadrid :
_bEditora Nacional,
_c1976.
300 _a406 p. ;
_c18 cm.
650 0 4 _aPoesía portuguesa-
_ys.XX
_916246
700 1 _aVázquez Cuesta, Pilar.
_9113409
852 _aES-MaACL
_jA-5788
_bR.94856
999 _c120335
_d120335